Statistics for World Capitals with One Word and Three A's

Click here to take the quiz!

General Stats

  • This quiz has been taken 32 times
  • The average score is 11 of 16

Answer Stats

ContinentCapital% Correct
South AmericaCaracas
89%
AfricaAntananarivo
86%
AsiaJakarta
86%
AsiaAnkara
75%
North AmericaHavana
75%
North AmericaManagua
71%
AsiaAstana
68%
South AmericaParamaribo
68%
AfricaAsmara
64%
AsiaManama
64%
AsiaAshgabat
61%
AsiaIslamabad
61%
AfricaKampala
61%
EuropeBratislava
54%
AsiaSana'a
54%
AsiaUlaanbaatar
54%

Score Distribution

Percentile by Number Answered

Percent of People with Each Score

Your Score History

You have not taken this quiz